| 000 | 00476 a2200169 4500 | ||
|---|---|---|---|
| 005 | 20260412112221.0 | ||
| 008 | 260410b |||||||| |||| 00| 0 eng d | ||
| 020 |
_a9789392590467 _cRs. 995.00 |
||
| 040 | _aMAIN | ||
| 082 |
_a570.76 _bK144M |
||
| 100 | _aKar, Debasish, ed. | ||
| 245 | _aMega question bank: Life science, biotechnology and microbiology | ||
| 260 |
_bScientific Publishers _c2024 _aJodhpur |
||
| 300 | _avii, 756 | ||
| 650 | _aLife Sciences | ||
| 942 | _cBK | ||
| 999 |
_c396022 _d396022 |
||